[Event "Madrid ch Veteranos 2015-2016"]
[Site "Madrid ESP"]
[Date "2016.01.20"]
[Round "8.26"]
[White "Sanchez Lucena, Juan"]
[Black "Beekhof Harmsen, Willen"]
[Result "0-1"]
[WhiteElo "1440"]
[BlackElo "1644"]
[PlyCount "112"]
[EventDate "2016.01.11"]
[EventType "swiss"]
[EventRounds "9"]
[EventCountry "ESP"]
[Source "lmi"]
[SourceDate "2016.01.11"]

1. d4 Nf6 2. Nf3 g6 3. b3 Bg7 4. Bb2 c6 5. c4 b5 6. e3 O-O 7. a3 d6 8. cxb5
Qa5+ 9. Nc3 Ne4 10. b4 Nxc3 11. Bxc3 Qc7 12. bxc6 Qxc6 13. Rc1 Qd5 14. Ra1 Bb7
15. Be2 Rc8 16. Qd2 Nd7 17. O-O Nf6 18. Bd3 e5 19. dxe5 dxe5 20. e4 Nxe4 21.
Bxe4 Qxd2 22. Bxd2 Bxe4 23. Ng5 Bd3 24. Rfe1 e4 25. Rad1 Bc2 26. Nxe4 Bxd1 27.
Rxd1 Bb2 28. a4 f5 29. Ng3 Rd8 30. Kf1 Bc3 31. Ke1 Bxd2+ 32. Rxd2 Rxd2 33. Kxd2
Rc8 34. Kd3 Rc1 35. Ne2 Ra1 36. a5 a6 37. Nc3 Rf1 38. Ke2 Rc1 39. Kd2 Ra1 40.
Ke3 Kf7 41. Nd5 Rc1 42. Kd2 Rc6 43. Nc3 Ke6 44. g3 Ke5 45. Kd3 g5 46. f3 h5 47.
h4 gxh4 48. gxh4 Kf4 49. Ne2+ Ke5 50. f4+ Kd5 51. Nd4 Rc4 52. Nxf5 Rxf4 53.
Ne3+ Kc6 54. Nc4 Kb5 55. Nb6 Rxb4 56. Kc3 Rxh4 0-1

[Event "Madrid ch Veteranos 2015-2016"]
[Site "Madrid ESP"]
[Date "2016.01.20"]
[Round "8.27"]
[White "Ballesteros Jimenez, Miguel Angel"]
[Black "Romero Jaime, Pedro"]
[Result "1/2-1/2"]
[WhiteElo "1603"]
[BlackElo "1553"]
[PlyCount "52"]
[EventDate "2016.01.11"]
[EventType "swiss"]
[EventRounds "9"]
[EventCountry "ESP"]
[Source "lmi"]
[SourceDate "2016.01.11"]

1. e4 e5 2. Nf3 Qe7 3. Bc4 h6 4. Nc3 c6 5. O-O Nf6 6. Re1 d6 7. d4 g5 8. dxe5
dxe5 9. Qe2 Bg4 10. h3 Bh5 11. Bd2 Nbd7 12. a4 Nc5 13. b4 Ne6 14. Qe3 Qxb4 15.
Bxe6 fxe6 16. Nxe5 Bc5 17. Qd3 Rd8 18. Nd5 Bxf2+ 19. Kxf2 Qf8 20. Nc7+ Ke7 21.
Qa3+ Rd6 22. Bb4 Nxe4+ 23. Kg1 Qf2+ 24. Kh2 Qf4+ 25. Kg1 Qf2+ 26. Kh2 Qf4+
1/2-1/2

[Event "Madrid ch Veteranos 2015-2016"]
[Site "Madrid ESP"]
[Date "2016.01.20"]
[Round "8.28"]
[White "Navarro Corredor, Angel"]
[Black "Folgar Lopez, Angel"]
[Result "1-0"]
[WhiteElo "1395"]
[BlackElo "1550"]
[PlyCount "115"]
[EventDate "2016.01.11"]
[EventType "swiss"]
[EventRounds "9"]
[EventCountry "ESP"]
[Source "lmi"]
[SourceDate "2016.01.11"]

1. e4 e6 2. Nf3 d5 3. e5 c5 4. Bb5+ Bd7 5. Bxd7+ Qxd7 6. O-O Nc6 7. d4 cxd4 8.
Re1 Bc5 9. Bg5 Qc7 10. Qd2 Qb6 11. b3 Bb4 12. c3 dxc3 13. Nxc3 Rc8 14. Rac1
Nge7 15. Be3 Qc7 16. Qd3 Nf5 17. Bd2 a6 18. Ne2 Bxd2 19. Qxd2 O-O 20. Ned4 Qd7
21. Nxf5 exf5 22. Rc5 Rcd8 23. Rd1 d4 24. Rc4 b5 25. Rcc1 h6 26. b4 Rfe8 27.
Rc5 d3 28. Qc3 Re6 29. a3 f6 30. exf6 Rxf6 31. Kf1 Rd6 32. Ne5 Nxe5 33. Rxe5
Rc8 34. Rc5 Rd8 35. Rc7 Qxc7 36. Qxc7 R6d7 37. Qe5 d2 38. Ke2 Kf7 39. Qxf5+ Kg8
40. Qf4 Re8+ 41. Kf1 Red8 42. Qe4 Rd4 43. Qe3 Rd3 44. Qe2 R3d7 45. Qe6+ Kf8 46.
Qxa6 Rc7 47. g3 Rc1 48. Ke2 Rc2 49. Qg6 Re8+ 50. Kd3 Rec8 51. Rxd2 R2c3+ 52.
Ke2 Re8+ 53. Kf1 Rc1+ 54. Kg2 Rce1 55. Rd7 R1e7 56. Qf5+ Kg8 57. Rxe7 Rxe7 58.
Qxb5 1-0

[Event "Madrid ch Veteranos 2015-2016"]
[Site "Madrid ESP"]
[Date "2016.01.20"]
[Round "8.29"]
[White "Rufo Yebra, Benito"]
[Black "Perez Ramos, Miguel Angel"]
[Result "1-0"]
[WhiteElo "1450"]
[BlackElo "1259"]
[PlyCount "51"]
[EventDate "2016.01.11"]
[EventType "swiss"]
[EventRounds "9"]
[EventCountry "ESP"]
[Source "lmi"]
[SourceDate "2016.01.11"]

1. d4 Nf6 2. d5 d6 3. e3 a6 4. Nf3 c6 5. dxc6 Nxc6 6. a3 e5 7. Bc4 Be7 8. b4 b5
9. Bb3 d5 10. O-O O-O 11. Re1 Be6 12. Bb2 Bd6 13. Ng5 Qe7 14. Nxe6 Qxe6 15. e4
Ne7 16. exd5 Nfxd5 17. c4 bxc4 18. Bxc4 Rad8 19. Nc3 Bc5 20. bxc5 f5 21. Nxd5
Nxd5 22. Rxe5 Qf6 23. Rxd5 Qe7 24. Rxd8+ Kh8 25. Rxf8+ Qxf8 26. Qd6 1-0

[Event "Madrid ch Veteranos 2015-2016"]
[Site "Madrid ESP"]
[Date "2016.01.21"]
[Round "9.1"]
[White "Elissalt Cardenas, Hector"]
[Black "Pastor Alonso de Prado, Alberto Emilio"]
[Result "1-0"]
[WhiteElo "2358"]
[BlackElo "2115"]
[PlyCount "45"]
[EventDate "2016.01.11"]
[EventType "swiss"]
[EventRounds "9"]
[EventCountry "ESP"]
[Source "lmi"]
[SourceDate "2016.01.11"]

1. d4 d5 2. c4 e6 3. Nc3 Nf6 4. cxd5 exd5 5. Bg5 c6 6. e3 Be7 7. Qc2 Nbd7 8.
Bd3 O-O 9. Nge2 Re8 10. O-O g6 11. f3 Nh5 12. Bxe7 Qxe7 13. e4 Nb6 14. a4 a5
15. Nd1 Be6 16. Ne3 Qb4 17. g4 Ng7 18. e5 Bd7 19. Qc1 Ne6 20. Nc2 Qe7 21. f4 c5
22. f5 Nf8 23. f6 1-0

[Event "Madrid ch Veteranos 2015-2016"]
[Site "Madrid ESP"]
[Date "2016.01.21"]
[Round "9.3"]
[White "Martin Rodriguez, Emilio"]
[Black "Vukotic Jovsic, Dragan"]
[Result "1/2-1/2"]
[WhiteElo "2142"]
[BlackElo "1947"]
[PlyCount "94"]
[EventDate "2016.01.11"]
[EventType "swiss"]
[EventRounds "9"]
[EventCountry "ESP"]
[Source "lmi"]
[SourceDate "2016.01.11"]

1. d4 Nf6 2. Nf3 c5 3. e3 d5 4. b3 Qa5+ 5. c3 Nc6 6. Bd3 Bg4 7. Be2 e6 8. O-O
cxd4 9. exd4 Be7 10. h3 Bh5 11. b4 Qc7 12. Nbd2 O-O 13. Nb3 a5 14. b5 a4 15.
Nc5 Bxc5 16. dxc5 Bxf3 17. gxf3 Ne5 18. Qd4 Ned7 19. Ba3 Rfc8 20. Rac1 Nxc5 21.
Kh1 Ncd7 22. Rg1 Qe5 23. Qd2 Qh5 24. Kh2 Ne5 25. Rg3 Nc4 26. Bxc4 Rxc4 27. Rcg1
g6 28. Qe3 Qf5 29. Bd6 Rh4 30. f4 Ne4 31. Rg4 Nxd6 32. Rxh4 Qc2 33. Rhg4 Rc8
34. Qb6 Ne4 35. R1g2 Qxc3 36. h4 Nf6 37. R4g3 Qc4 38. Qxb7 Rf8 39. b6 Qxf4 40.
Qc7 Qxh4+ 41. Rh3 Ng4+ 42. Rxg4 Qxg4 43. b7 Qb4 44. Rc3 Qh4+ 45. Kg2 Qg4+ 46.
Qg3 Qe4+ 47. Kh2 Qb4 1/2-1/2

[Event "Madrid ch Veteranos 2015-2016"]
[Site "Madrid ESP"]
[Date "2016.01.21"]
[Round "9.4"]
[White "Gonzalez Rivera, Eduardo"]
[Black "Lopez Ziegler, Carlos"]
[Result "1/2-1/2"]
[WhiteElo "2059"]
[BlackElo "1933"]
[PlyCount "38"]
[EventDate "2016.01.11"]
[EventType "swiss"]
[EventRounds "9"]
[EventCountry "ESP"]
[Source "lmi"]
[SourceDate "2016.01.11"]

1. e4 c5 2. Nf3 e6 3. d4 cxd4 4. Nxd4 a6 5. g3 Qc7 6. Bg2 Nf6 7. Nc3 Bb4 8.
Nde2 d6 9. O-O Nbd7 10. Be3 Ne5 11. a3 Bxc3 12. Nxc3 Nc4 13. Bc1 Bd7 14. Qe2 h6
15. Rd1 O-O 16. Qf3 Rfd8 17. Qd3 Be8 18. b3 Ne5 19. Qd2 Rac8 1/2-1/2

[Event "Madrid ch Veteranos 2015-2016"]
[Site "Madrid ESP"]
[Date "2016.01.21"]
[Round "9.5"]
[White "Gonzalez Mateos, Rafael"]
[Black "Nuñez Muñoz, Jesus"]
[Result "1/2-1/2"]
[WhiteElo "1986"]
[BlackElo "2222"]
[PlyCount "96"]
[EventDate "2016.01.11"]
[EventType "swiss"]
[EventRounds "9"]
[EventCountry "ESP"]
[Source "lmi"]
[SourceDate "2016.01.11"]

1. d4 e6 2. e4 c5 3. c3 Be7 4. Nf3 d6 5. dxc5 dxc5 6. Qxd8+ Bxd8 7. Be3 Be7 8.
Nbd2 Nf6 9. Bb5+ Bd7 10. Bxd7+ Nbxd7 11. h3 O-O 12. O-O-O Rfd8 13. g4 h6 14.
Rhg1 Nf8 15. h4 h5 16. gxh5 Nxh5 17. Nb3 b6 18. Rxd8 Rxd8 19. Ne5 Rc8 20. Rd1
f6 21. Nf3 Kf7 22. a4 Rd8 23. Rh1 Ng6 24. Kc2 Bd6 25. a5 Bf4 26. axb6 Bxe3 27.
fxe3 axb6 28. e5 Nxe5 29. Nxe5+ fxe5 30. Nd2 b5 31. Rf1+ Ke7 32. Rg1 Rf8 33.
Ne4 c4 34. Ra1 Kd7 35. Ra7+ Kc6 36. Ra6+ Kd5 37. Ng5 Rf2+ 38. Kb1 Ng3 39. Rb6
Rf1+ 40. Ka2 Ne2 41. Rxb5+ Kc6 42. Rb8 Nc1+ 43. Ka3 Nd3 44. Ka2 Nc1+ 45. Ka3
Nd3 46. Ka2 Nc1+ 47. Ka3 Nd3 48. Ka2 Nc1+ 1/2-1/2

[Event "Madrid ch Veteranos 2015-2016"]
[Site "Madrid ESP"]
[Date "2016.01.21"]
[Round "9.6"]
[White "Lopez De Turiso, Jose Angel"]
[Black "Cabañas Bravo, Juan Andres"]
[Result "0-1"]
[WhiteElo "2083"]
[BlackElo "1957"]
[PlyCount "88"]
[EventDate "2016.01.11"]
[EventType "swiss"]
[EventRounds "9"]
[EventCountry "ESP"]
[Source "lmi"]
[SourceDate "2016.01.11"]

1. Nf3 Nf6 2. c4 g6 3. Nc3 d5 4. Qa4+ Bd7 5. Qb3 dxc4 6. Qxc4 Bg7 7. e4 O-O 8.
e5 Ne8 9. d4 c6 10. h4 b5 11. Qb3 Bg4 12. Be3 a5 13. Be2 a4 14. Qc2 Qa5 15. a3
Nc7 16. Ng5 Bxe2 17. Qxe2 Nd5 18. Bd2 Qb6 19. Qe4 h6 20. Nf3 Nxc3 21. Bxc3 Na6
22. Bd2 c5 23. d5 c4 24. Be3 Nc5 25. Qd4 Qa5+ 26. Bd2 Qc7 27. O-O Nb3 28. Qe4
Nxa1 29. Rxa1 Rfd8 30. h5 Qb7 31. hxg6 Qxd5 32. gxf7+ Kxf7 33. Qf5+ Kg8 34. Re1
Rf8 35. Qg4 Ra6 36. e6 Qf5 37. Qg3 Rxe6 38. Rxe6 Qxe6 39. Bc3 Qf7 40. Ne5 Qf4
41. Qg6 Qxf2+ 42. Kh1 Qf1+ 43. Kh2 Qf5 44. Qg3 Qf4 0-1

[Event "Madrid ch Veteranos 2015-2016"]
[Site "Madrid ESP"]
[Date "2016.01.21"]
[Round "9.7"]
[White "Martin Martin, Luis Vicente"]
[Black "Garcia Gutierrez, Jose"]
[Result "1-0"]
[WhiteElo "1967"]
[BlackElo "1907"]
[PlyCount "91"]
[EventDate "2016.01.11"]
[EventType "swiss"]
[EventRounds "9"]
[EventCountry "ESP"]
[Source "lmi"]
[SourceDate "2016.01.11"]

1. d4 d5 2. Bf4 Nf6 3. e3 e6 4. Nf3 c5 5. c3 Nc6 6. Bd3 Bd6 7. Bg3 O-O 8. Nbd2
c4 9. Bc2 Ne7 10. Ne5 Ng6 11. h4 Bxe5 12. dxe5 Nd7 13. Nf3 f6 14. exf6 Qxf6 15.
Bd6 Re8 16. Qd4 Ngf8 17. Bf4 Qxd4 18. exd4 Nf6 19. Ne5 N8d7 20. O-O-O Nxe5 21.
dxe5 Ng4 22. Rd2 Rf8 23. g3 Bd7 24. Bd1 Nh6 25. Bxh6 gxh6 26. Bg4 Rae8 27. f4
Kh8 28. Rg1 Re7 29. Rd4 Rg7 30. Be2 Rgf7 31. Kd2 b5 32. a3 Bc6 33. Ke3 a5 34.
Rdd1 Rb7 35. Kd4 b4 36. axb4 axb4 37. Ra1 bxc3 38. bxc3 Rb2 39. Bg4 Bd7 40. Ra7
Rf7 41. Bh5 Rg7 42. Ra8+ Rg8 43. Rga1 Rbb8 44. Rxb8 Rxb8 45. Ra7 Be8 46. Re7
1-0

[Event "Madrid ch Veteranos 2015-2016"]
[Site "Madrid ESP"]
[Date "2016.01.21"]
[Round "9.8"]
[White "Lopez Peral, Enrique"]
[Black "Gil Sierra, Jacinto"]
[Result "0-1"]
[WhiteElo "1827"]
[BlackElo "1938"]
[PlyCount "78"]
[EventDate "2016.01.11"]
[EventType "swiss"]
[EventRounds "9"]
[EventCountry "ESP"]
[Source "lmi"]
[SourceDate "2016.01.11"]

1. c4 e5 2. Nc3 Nc6 3. Nf3 f5 4. e4 fxe4 5. Nxe4 Nf6 6. Nfg5 h6 7. Nxf6+ Qxf6
8. Ne4 Qg6 9. Ng3 Bc5 10. Qh5 Qxh5 11. Nxh5 O-O 12. f3 d6 13. Bd3 Be6 14. Ng3
Nb4 15. Ke2 Nxd3 16. Kxd3 d5 17. cxd5 Bxd5 18. Re1 Rad8 19. Kc2 Bd4 20. Ne4 Bc4
21. d3 Bxd3+ 22. Kb3 c5 23. a3 Rc8 24. Bd2 Rc6 25. Bc3 Rg6 26. Bxd4 cxd4 27.
Ng3 Rb6+ 28. Ka2 Bc4+ 29. Kb1 Rc8 30. Rxe5 Bd3+ 31. Ka2 Rc2 32. Rb1 Rxg2 33.
Re8+ Kf7 34. Rd8 Bxb1+ 35. Kxb1 Rbxb2+ 36. Kc1 Rbc2+ 37. Kb1 Rcd2 38. Kc1 d3
39. Ne4 Rc2+ 0-1

[Event "Madrid ch Veteranos 2015-2016"]
[Site "Madrid ESP"]
[Date "2016.01.21"]
[Round "9.9"]
[White "Pashov, Spas Nikolov"]
[Black "Viñas Lopez, Carlos"]
[Result "0-1"]
[WhiteElo "1722"]
[BlackElo "1903"]
[PlyCount "64"]
[EventDate "2016.01.11"]
[EventType "swiss"]
[EventRounds "9"]
[EventCountry "ESP"]
[Source "lmi"]
[SourceDate "2016.01.11"]

1. e4 c5 2. Nf3 e6 3. d4 cxd4 4. Nxd4 Nf6 5. Nc3 Nc6 6. Be3 Bb4 7. Bd3 d5 8.
exd5 Nxd5 9. Nxc6 bxc6 10. Bd2 Nxc3 11. bxc3 Be7 12. Qf3 Bd7 13. O-O O-O 14. c4
Bf6 15. Rab1 Rb8 16. Rb3 Qc7 17. Be4 Be5 18. Qh5 g6 19. Qh4 f5 20. Bd3 c5 21.
Re1 Bf6 22. Bf4 e5 23. Bg5 Bxg5 24. Qxg5 e4 25. Bf1 Ba4 26. Rxb8 Rxb8 27. c3
Qe5 28. Rc1 Rb2 29. g4 e3 30. Bg2 exf2+ 31. Kh1 Qe1+ 32. Bf1 Bc6# 0-1

[Event "Madrid ch Veteranos 2015-2016"]
[Site "Madrid ESP"]
[Date "2016.01.21"]
[Round "9.10"]
[White "Campos Calvo-Sotelo, Juan"]
[Black "Serrano Baylin, Francisco"]
[Result "1-0"]
[WhiteElo "1849"]
[BlackElo "1988"]
[PlyCount "55"]
[EventDate "2016.01.11"]
[EventType "swiss"]
[EventRounds "9"]
[EventCountry "ESP"]
[Source "lmi"]
[SourceDate "2016.01.11"]

1. b4 Nf6 2. e3 g6 3. c4 Bg7 4. Bb2 O-O 5. Nf3 a5 6. b5 d5 7. cxd5 Qxd5 8. Nc3
Qd6 9. Be2 Bf5 10. Nd4 Bd7 11. a4 c5 12. bxc6 Nxc6 13. Ncb5 Qb8 14. O-O e5 15.
Nf3 Rd8 16. d4 e4 17. Nd2 Be6 18. Qb1 Bf5 19. Rc1 Rd7 20. Ba3 Bf8 21. Bxf8 Qxf8
22. Nc4 Nd5 23. g4 Be6 24. Qxe4 Re8 25. Ne5 f5 26. Nxd7 Qf7 27. gxf5 Bxf5 28.
Qxd5 1-0

[Event "Madrid ch Veteranos 2015-2016"]
[Site "Madrid ESP"]
[Date "2016.01.21"]
[Round "9.11"]
[White "Perez Cameselle, Francisco Jose"]
[Black "Serrano Garcia, Vicente"]
[Result "0-1"]
[WhiteElo "1917"]
[BlackElo "1802"]
[PlyCount "76"]
[EventDate "2016.01.11"]
[EventType "swiss"]
[EventRounds "9"]
[EventCountry "ESP"]
[Source "lmi"]
[SourceDate "2016.01.11"]

1. Nf3 Nf6 2. g3 d5 3. Bg2 Bf5 4. d3 e6 5. O-O c5 6. Nbd2 Nc6 7. e3 Bd6 8. Qe2
Bg4 9. h3 Bh5 10. g4 Bg6 11. e4 dxe4 12. dxe4 Qc7 13. Re1 Bf4 14. c3 O-O-O 15.
Nh4 Ne5 16. Nc4 Nd3 17. Bxf4 Nxf4 18. Qc2 Rd3 19. Re3 Rxe3 20. Nxe3 Nxg2 21.
Nhxg2 Bxe4 22. Qa4 b6 23. Rd1 Bc6 24. Qa6+ Kb8 25. Qd3 Nd5 26. Nxd5 exd5 27.
Ne3 Rd8 28. Qxh7 d4 29. cxd4 cxd4 30. Qd3 Qf4 31. Ng2 Qe5 32. Re1 Qd5 33. Qg3+
Kb7 34. Re7+ Rd7 35. Rxd7+ Qxd7 36. Nf4 Qe7 37. Nd3 Qe4 38. Kf1 Bb5 0-1

[Event "Madrid ch Veteranos 2015-2016"]
[Site "Madrid ESP"]
[Date "2016.01.21"]
[Round "9.13"]
[White "Lopez Heras, Arturo"]
[Black "Rueda Maria, Ramiro"]
[Result "1-0"]
[WhiteElo "1809"]
[BlackElo "1904"]
[PlyCount "47"]
[EventDate "2016.01.11"]
[EventType "swiss"]
[EventRounds "9"]
[EventCountry "ESP"]
[Source "lmi"]
[SourceDate "2016.01.11"]

1. e4 e5 2. Nf3 Nf6 3. Nxe5 d6 4. Nf3 Nxe4 5. d4 d5 6. Bd3 Bd6 7. O-O O-O 8. c4
c6 9. Nc3 f5 10. Qb3 Nf6 11. cxd5 cxd5 12. Nxd5 Kh8 13. Nxf6 Qxf6 14. Bd2 Nc6
15. Bc3 Rb8 16. Rfe1 Ne7 17. Bc4 Bd7 18. Be6 Rbd8 19. d5 Qg6 20. Qxb7 Bxe6 21.
Rxe6 Qf7 22. Rae1 Nxd5 23. Qxf7 Rxf7 24. Rxd6 1-0

[Event "Madrid ch Veteranos 2015-2016"]
[Site "Madrid ESP"]
[Date "2016.01.21"]
[Round "9.14"]
[White "Fernandez Bujarrabal, Pedro V"]
[Black "Marcos Herrero, Francisco"]
[Result "0-1"]
[WhiteElo "1582"]
[BlackElo "1982"]
[PlyCount "36"]
[EventDate "2016.01.11"]
[EventType "swiss"]
[EventRounds "9"]
[EventCountry "ESP"]
[Source "lmi"]
[SourceDate "2016.01.11"]

1. e4 c5 2. Nf3 g6 3. d4 cxd4 4. Nxd4 Nc6 5. Be3 Nf6 6. Nc3 Bg7 7. f4 O-O 8.
Bc4 Nxe4 9. Nxe4 d5 10. Nf6+ exf6 11. Bb3 Re8 12. Kf2 f5 13. g3 Rxe3 14. Nxc6
Qb6 15. Kg2 bxc6 16. c3 Ba6 17. Re1 Rae8 18. Kh3 Rxe1 0-1

[Event "Madrid ch Veteranos 2015-2016"]
[Site "Madrid ESP"]
[Date "2016.01.21"]
[Round "9.15"]
[White "Sotoca Aguado, Jose"]
[Black "Martinez Miura, Enrique"]
[Result "1-0"]
[WhiteElo "1952"]
[BlackElo "1646"]
[PlyCount "99"]
[EventDate "2016.01.11"]
[EventType "swiss"]
[EventRounds "9"]
[EventCountry "ESP"]
[Source "lmi"]
[SourceDate "2016.01.11"]

1. e4 e6 2. d4 d5 3. Nd2 dxe4 4. Nxe4 Nd7 5. Nf3 Be7 6. Bd3 Ngf6 7. Ng3 b6 8.
O-O O-O 9. Qe2 Bb7 10. Rd1 Qc8 11. Bf4 Nd5 12. Bg5 h6 13. Bxe7 Nxe7 14. c4 c5
15. d5 Nf6 16. d6 Nc6 17. Ne4 Nxe4 18. Qxe4 g6 19. Ne5 Nxe5 20. Qxe5 Qd7 21.
Bc2 Rfd8 22. Rd2 Qc6 23. f3 Rd7 24. Be4 Qc8 25. Rad1 Bxe4 26. fxe4 Qa6 27. Qf4
Qxc4 28. b3 Qc3 29. e5 Kh7 30. Rd3 Qc2 31. h4 Rc8 32. R1d2 Qc1+ 33. Kh2 c4 34.
bxc4 Rxc4 35. Rd4 Rc5 36. Qe4 Kg7 37. Rf2 Rc3 38. Rf3 Rc2 39. a4 Qb2 40. Rg3
Rc1 41. Re3 Rc2 42. Rc4 Rxc4 43. Qxc4 Qf2 44. Qe4 a6 45. Rf3 Qb2 46. Re3 Qf2
47. Rc3 Qd2 48. Qf3 Qd4 49. Qf6+ Kh7 50. Rc8 1-0

[Event "Madrid ch Veteranos 2015-2016"]
[Site "Madrid ESP"]
[Date "2016.01.21"]
[Round "9.17"]
[White "Camarero Izquierdo, Juan Carlos"]
[Black "Salgado Duarte, Pablo"]
[Result "1-0"]
[WhiteElo "1861"]
[BlackElo "1518"]
[PlyCount "53"]
[EventDate "2016.01.11"]
[EventType "swiss"]
[EventRounds "9"]
[EventCountry "ESP"]
[Source "lmi"]
[SourceDate "2016.01.11"]

1. d4 d5 2. Nc3 Nf6 3. Bg5 e6 4. e4 dxe4 5. Nxe4 Be7 6. Bxf6 Bxf6 7. Nf3 Be7 8.
h4 Nc6 9. Qd3 h6 10. O-O-O b6 11. Kb1 a5 12. Qc3 Bd7 13. d5 exd5 14. Qxg7 Rf8
15. Rxd5 Qc8 16. Bb5 Nb8 17. Nf6+ Bxf6 18. Qxf6 c6 19. Re5+ Be6 20. Bd3 Ra7 21.
Qxh6 Re7 22. Rhe1 Qc7 23. R5e2 Nd7 24. Ng5 Qd6 25. Nxe6 fxe6 26. Rxe6 Qc5 27.
Rxe7+ 1-0

[Event "Madrid ch Veteranos 2015-2016"]
[Site "Madrid ESP"]
[Date "2016.01.21"]
[Round "9.18"]
[White "Hernandez Garcia, Carlos"]
[Black "Martinez Carrasco, Jesus"]
[Result "0-1"]
[WhiteElo "1747"]
[BlackElo "1561"]
[PlyCount "130"]
[EventDate "2016.01.11"]
[EventType "swiss"]
[EventRounds "9"]
[EventCountry "ESP"]
[Source "lmi"]
[SourceDate "2016.01.11"]

1. e4 c5 2. Nf3 d6 3. Nc3 Nf6 4. d4 cxd4 5. Nxd4 e6 6. Be3 Nc6 7. Be2 a6 8. a4
Qc7 9. O-O Be7 10. Kh1 Bd7 11. f4 Nxd4 12. Bxd4 e5 13. Be3 exf4 14. Bxf4 O-O
15. Nd5 Nxd5 16. exd5 Bf6 17. c3 Rfe8 18. Bf3 Be5 19. Qd2 Qc4 20. Bxe5 Rxe5 21.
b3 Qxb3 22. Rfb1 Qc4 23. Rxb7 Qc8 24. Rb4 a5 25. Rb6 Qc5 26. Rb7 Be8 27. h3 Rc8
28. Rc1 Bxa4 29. Qf4 Be8 30. Bg4 Rc7 31. Rb8 Rce7 32. c4 Re4 33. Qd2 Rxc4 34.
Rxc4 Qxc4 35. Bd7 Kf8 36. Rxe8+ Rxe8 37. Bxe8 Kxe8 38. Qxa5 Qf1+ 39. Kh2 Qf4+
40. Kh1 Ke7 41. Qb5 Qe5 42. Qd3 g6 43. Qf3 h5 44. Kg1 f5 45. h4 Qe1+ 46. Kh2
Qxh4+ 47. Kg1 Qe4 48. Qb3 Qe5 49. Qb7+ Kf6 50. Qa8 Kg5 51. Qd8+ Kg4 52. Qg8 g5
53. Qe6 Qf4 54. Qe2+ Kh4 55. Qe1+ Qg3 56. Qb4+ g4 57. Qd2 Qe5 58. Kf1 Qa1+ 59.
Kf2 g3+ 60. Ke2 Qe5+ 61. Kd1 f4 62. Kc2 Kg5 63. Kd1 Kf5 64. Qd3+ Qe4 65. Qd2
Ke5 0-1

[Event "Madrid ch Veteranos 2015-2016"]
[Site "Madrid ESP"]
[Date "2016.01.21"]
[Round "9.20"]
[White "Osorio Ramos, Francisco"]
[Black "Canseco Arenas, Alfonso"]
[Result "0-1"]
[WhiteElo "1834"]
[BlackElo "1690"]
[PlyCount "108"]
[EventDate "2016.01.11"]
[EventType "swiss"]
[EventRounds "9"]
[EventCountry "ESP"]
[Source "lmi"]
[SourceDate "2016.01.11"]

1. d4 Nf6 2. c4 c5 3. d5 g6 4. g3 d6 5. Bg2 Bg7 6. Nc3 O-O 7. Nf3 a6 8. a4 a5
9. O-O Na6 10. h3 Nb4 11. e4 Nd7 12. Bf4 b6 13. Qd2 Ba6 14. b3 f6 15. h4 Ne5
16. Nxe5 fxe5 17. Be3 Bc8 18. Ne2 Bg4 19. f3 Bd7 20. Rf2 Rf7 21. Kh2 Qc7 22.
Raf1 Raf8 23. Ng1 Qc8 24. Bh3 Na6 25. Bxd7 Qxd7 26. Nh3 Nc7 27. Bh6 Rf6 28.
Bxg7 Kxg7 29. Qe2 R6f7 30. f4 exf4 31. Nxf4 e5 32. dxe6 Nxe6 33. Qg4 Nxf4 34.
Qxd7 Rxd7 35. gxf4 Re7 36. Re1 Rfe8 37. Rfe2 Kh6 38. Kg3 Kh5 39. e5 dxe5 40.
Rxe5+ Rxe5 41. Rxe5+ Rxe5 42. fxe5 Kh6 43. Kf4 Kg7 44. Ke4 Kf7 45. Kf4 h6 46.
Ke4 Ke6 47. Kf4 g5+ 48. hxg5 hxg5+ 49. Kxg5 Kxe5 50. Kg6 Kd4 51. Kf5 Kc3 52.
Ke5 Kxb3 53. Kd5 Kxa4 54. Kc6 Kb4 0-1

[Event "Madrid ch Veteranos 2015-2016"]
[Site "Madrid ESP"]
[Date "2016.01.21"]
[Round "9.21"]
[White "Losada Gonzalez, Andres"]
[Black "Veuthey Martinez, Eloy"]
[Result "1-0"]
[WhiteElo "1789"]
[BlackElo "1536"]
[PlyCount "61"]
[EventDate "2016.01.11"]
[EventType "swiss"]
[EventRounds "9"]
[EventCountry "ESP"]
[Source "lmi"]
[SourceDate "2016.01.11"]

1. e4 d6 2. d4 Nf6 3. Nc3 e5 4. dxe5 dxe5 5. Qxd8+ Kxd8 6. Bg5 Be6 7. O-O-O+
Nbd7 8. Nf3 Bd6 9. h3 a6 10. g4 h6 11. Be3 Ke7 12. Bg2 b5 13. Nd5+ Ke8 14. Nh4
Rc8 15. Nf5 Bxf5 16. exf5 Nxd5 17. Bxd5 f6 18. f3 Bc5 19. Bxc5 Nxc5 20. Bc6+
Ke7 21. b4 Na4 22. Rd7+ Kf8 23. Rhd1 Nb6 24. R7d3 Ke7 25. Ra3 Rhd8 26. Rxd8
Rxd8 27. Rxa6 Rd4 28. a3 h5 29. Bxb5 hxg4 30. hxg4 e4 31. c3 1-0

[Event "Madrid ch Veteranos 2015-2016"]
[Site "Madrid ESP"]
[Date "2016.01.21"]
[Round "9.22"]
[White "Ramos Antona, Enrique"]
[Black "Corredor Gonzalez, Angel L"]
[Result "0-1"]
[WhiteElo "1585"]
[BlackElo "1780"]
[PlyCount "92"]
[EventDate "2016.01.11"]
[EventType "swiss"]
[EventRounds "9"]
[EventCountry "ESP"]
[Source "lmi"]
[SourceDate "2016.01.11"]

1. d4 d5 2. c4 e5 3. Nf3 e4 4. Ne5 f6 5. Ng4 Bxg4 6. cxd5 Qxd5 7. Nc3 Qf5 8. h3
Bh5 9. g4 Bxg4 10. hxg4 Qxg4 11. Bh3 Qg6 12. Qb3 b6 13. Qe6+ Ne7 14. Nd5 Kd8
15. Bf4 f5 16. Bxc7+ Ke8 17. Nf4 Qxe6 18. Nxe6 Kd7 19. Nxf8+ Rxf8 20. Rc1 Nbc6
21. Be5 Nxe5 22. dxe5 Rac8 23. Kd2 Ke6 24. f4 Rfd8+ 25. Ke3 Nd5+ 26. Kf2 Nxf4
27. Rxc8 Rxc8 28. Bf1 h6 29. Rg1 g5 30. e3 Rc2+ 31. Kg3 Nh5+ 32. Kh3 Kxe5 33.
Rg2 Rxg2 34. Kxg2 Nf6 35. Be2 Nd5 36. Kf2 g4 37. Bc4 h5 38. a3 h4 39. Bf1 f4
40. exf4+ Kxf4 41. Bc4 g3+ 42. Kg1 Ne3 43. Be2 h3 44. Kh1 Ng4 45. Bf1 Nf2+ 46.
Kg1 h2+ 0-1

[Event "Madrid ch Veteranos 2015-2016"]
[Site "Madrid ESP"]
[Date "2016.01.21"]
[Round "9.23"]
[White "Martin Rodriguez, Jose Luis"]
[Black "Perez Gonzalez, Jesus Miguel"]
[Result "0-1"]
[WhiteElo "1313"]
[BlackElo "1706"]
[PlyCount "68"]
[EventDate "2016.01.11"]
[EventType "swiss"]
[EventRounds "9"]
[EventCountry "ESP"]
[Source "lmi"]
[SourceDate "2016.01.11"]

1. e4 e5 2. Nf3 Nc6 3. d4 exd4 4. Nxd4 Nf6 5. Nxc6 bxc6 6. Bd3 Be7 7. O-O O-O
8. Be3 d5 9. f3 dxe4 10. Bxe4 Nxe4 11. fxe4 Bd6 12. Qf3 Be5 13. Nc3 Ba6 14. Rf2
Rb8 15. Rd1 Qe7 16. Bd4 Rxb2 17. Bxe5 Qxe5 18. Rd7 Bc4 19. Rfd2 Qc5+ 20. Kh1 h6
21. Na4 Rb1+ 22. Rd1 Rxd1+ 23. Rxd1 Qb5 24. Nc3 Qb2 25. h4 Qxc2 26. Rd7 Be6 27.
Rxc7 Rd8 28. Rxa7 Rd3 29. Qh5 Qxc3 30. Ra8+ Kh7 31. Ra5 Rd4 32. Rc5 Qe1+ 33.
Kh2 Rxe4 34. Rxc6 Rxh4+ 0-1